000 00680nam a22001577a 4500
003 OSt
005 20150923111346.0
008 150923b xxu||||| |||| 00| 0 eng d
040 _cRUA
082 _aAGR CHA 2011 B048 Or.1
100 _91176
_aCHAK,SAMONN.
245 _aEffect of different fertilizer on growth rice and yeildir 66 variety at crop station ឥទ្ធិពលនៃការប្រើប្រាស់ជីប្រភេទខុសៗគ្នាលើការលូតលាស់និងទិន្នផលពូជស្រូវអីុអ៊ែរ៦៦
260 _aPhnomk Penh
_bRUA
_c2011
300 _axi, 53p.
_bill.
_c29cm.
942 _2ddc
_cAGR
999 _c1120
_d1120